| 000 | 00904nam a22002537a 4500 | ||
|---|---|---|---|
| 005 | 20250422143531.0 | ||
| 008 | 250422b |||||||| |||| 00| 0 eng d | ||
| 020 | _a978-0-472-05566-1 (pbk) | ||
| 037 | _cTB | ||
| 040 |
_aAL _cAL |
||
| 041 |
_2eng _aeng |
||
| 084 |
_aV2:19.P1 R2 _qAL |
||
| 100 |
_aSlobodchikoff, Michael O. _9752710 |
||
| 245 |
_aIndia as kingmaker: _bStatus quo or revisionist power |
||
| 260 |
_aAnn Arbor, USA: _bUniversity of Michigan Press, _c2022. |
||
| 300 | _axiv, 164p. | ||
| 365 |
_b29.95 _cUSD |
||
| 650 |
_aIndia Foriegn Relations _9752711 |
||
| 650 |
_aIndia History _9752712 |
||
| 650 |
_aHistory _9752713 |
||
| 700 |
_aTandon, Aakriti A, (Author) _9752714 |
||
| 942 |
_2CC _cTB _hV2:19.P1 R2 _n0 |
||
| 999 |
_c1309278 _d1309278 |
||